000
00310nam a22001337a 4500
008
180213b xxu||||| |||| 00| 0 eng d
020
_a
2900415880595
041
_a
eng
080
_a
32
100
_a
19
101
_a
POL
245
_a
Crisis communications a casebook approach
_c
Banks,K.F
942
_2
udc
_c
BK
999
_c
42362
_d
42362